[Event "Fortaleza Cearense-ch"]
[Site "Fortaleza"]
[Date "2023.01.07"]
[Round "1"]
[White "Albuquerque, Wellington S Jr"]
[Black "Ferreira Filho, Joao Bosco Filgue"]
[Result "1-0"]
[WhiteElo "2209"]
[BlackElo "1732"]
[PlyCount "143"]
[EventDate "2023.01.07"]
[EventType "tourn"]
[EventRounds "9"]
[EventCountry "BRA"]
[SourceTitle "CBM 212 Extra"]
[Source "ChessBase"]
[SourceDate "2023.03.31"]
[SourceVersion "1"]
[SourceVersionDate "2023.03.31"]
[SourceQuality "1"]

1. e4 c5 2. Nc3 Nc6 3. Bb5 d6 4. Nf3 Bd7 5. 0-0 Nf6 6. d4 cxd4 7. Nxd4 e6 8. Re1 Be7 9. Bg5 0-0 10. Qd2 h6 11. Bxf6 Bxf6 12. Nf3 Qc7 13. Rad1 Be7 14. Bc4 Na5 15. Bf1 a6 16. e5 d5 17. Nd4 Nc4 18. Bxc4 Qxc4 19. Qd3 Rac8 20. a3 Rfd8 21. Nce2 Qxd3 22. Rxd3 Rc4 23. c3 Rdc8 24. f4 b5 25. Kf2 a5 26. Kf3 R4c7 27. g4 b4 28. axb4 axb4 29. Ra1 bxc3 30. Rxc3 Rxc3+ 31. bxc3 Rc7 32. Ke3 f6 33. Ra6 fxe5 34. Nxe6 exf4+ 35. Kxf4 Rc8 36. N6d4 Bg5+ 37. Kg3 Bf6 38. h3 Be8 39. Ra2 Be5+ 40. Kg2 Bg6 41. Rd2 Be4+ 42. Kg1 Rc4 43. Kf2 Kf7 44. h4 Ra4 45. Rb2 Rc4 46. Rb7+ Rc7 47. Rxc7+ Bxc7 48. Ke3 Bd8 49. h5 Kf6 50. Ng3 Bg2 51. Kf2 Bh3 52. Kf3 Ba5 53. Nge2 Kg5 54. Ne6+ Kf6 55. N6f4 Bf1 56. Nxd5+ Ke5 57. Ndf4 Kd6 58. Kf2 Bxe2 59. Nxe2 Kc5 60. Kf3 Kc4 61. Ke4 Bd8 62. Kf5 Bf6 63. Kg6 Be5 64. Nd4 Kd3 65. Nf5 Bxc3 66. Nxg7 Bd2 67. Nf5 Ke4 68. Nxh6 Ke5 69. Nf5 Kf4 70. h6 Kxg4 71. h7 Bc3 72. Ng7 1-0

[Event "Fortaleza Saboya Cup"]
[Site "Fortaleza"]
[Date "2022.03.17"]
[Round "1"]
[White "De Araujo, Edilson Costa"]
[Black "Albuquerque, Wellington S Jr"]
[Result "0-1"]
[WhiteElo "1800"]
[BlackElo "2231"]
[PlyCount "54"]
[EventDate "2022.03.17"]
[EventType "swiss"]
[EventRounds "6"]
[EventCountry "BRA"]
[SourceTitle "EXT 2023"]
[Source "ChessBase"]
[SourceDate "2022.10.05"]
[SourceVersion "1"]
[SourceVersionDate "2022.10.05"]
[SourceQuality "1"]

1. e4 d6 2. d4 Nf6 3. Nc3 e5 4. d5 Be7 5. Be2 0-0 6. Be3 c6 7. Nf3 cxd5 8. exd5 Ng4 9. 0-0 Nxe3 10. fxe3 Qb6 11. Qd2 a5 12. Kh1 f5 13. Rab1 Nd7 14. Nb5 Nc5 15. Qe1 Ne4 16. Qc1 Bd7 17. Na3 Rac8 18. Bc4 Kh8 19. Bd3 Nf6 20. Ng5 Nxd5 21. Nc4 Qa7 22. e4 Nf4 23. Nf3 fxe4 24. g3 exd3 25. Nfxe5 dxe5 26. Nxe5 Qd4 27. gxf4 Qe4+ 0-1

[Event "Titled Tuesday intern op 15 Mar Late"]
[Site "Chess.com INT"]
[Date "2022.03.15"]
[Round "9"]
[White "Albuquerque, Wellington S Jr"]
[Black "Ciolek, Andreas"]
[Result "1-0"]
[WhiteElo "2209"]
[BlackElo "2191"]
[PlyCount "159"]
[EventDate "2022.03.15"]
[EventType "swiss (blitz)"]
[EventRounds "11"]
[EventCountry "USA"]
[SourceTitle "CBM 207 Extra"]
[Source "ChessBase"]
[SourceDate "2022.05.31"]
[SourceVersion "1"]
[SourceVersionDate "2022.05.31"]
[SourceQuality "1"]

1. c4 Nf6 2. g3 g6 3. Bg2 Bg7 4. Nc3 0-0 5. e4 d6 6. d3 c5 7. Nge2 Nc6 8. 0-0 a6 9. h3 Ne8 10. Be3 Nd4 11. f4 Nc7 12. Rb1 Rb8 13. b4 b5 14. bxc5 dxc5 15. e5 Be6 16. Ne4 bxc4 17. Rxb8 Qxb8 18. Nxc5 Nxe2+ 19. Qxe2 cxd3 20. Qxd3 Bxa2 21. Ra1 Qb2 22. Bd4 Qb4 23. Rxa2 Rd8 24. Rd2 Nb5 25. Nxa6 Qxd4+ 26. Qxd4 Nxd4 27. Kf2 Bf8 28. Be4 Ne6 29. Rxd8 Nxd8 30. Nc5 e6 31. Nd7 Be7 32. Kf3 Kg7 33. g4 f5 34. exf6+ Bxf6 35. Nxf6 Kxf6 36. Ke3 Nf7 37. g5+ Ke7 38. Kf3 Nd6 39. Bd3 Nb7 40. Kg4 Nc5 41. Bc2 Nd7 42. h4 Kf7 43. h5 Nf8 44. hxg6+ hxg6 45. f5 gxf5+ 46. Bxf5 e5 47. Kf3 Ne6 48. Bxe6+ Kxe6 49. Ke4 Kf7 50. Kxe5 Kg6 51. Kf4 Kg7 52. Kf5 Kf7 53. Kg4 Kg8 54. Kh4 Kh8 55. Kh5 Kh7 56. g6+ Kg7 57. Kg5 Kg8 58. Kg4 Kf8 59. Kf5 Kg7 60. Kg5 Kg8 61. Kf5 Kf8 62. Kf6 Kg8 63. Kg5 Kg7 64. Kh5 Kh8 65. Kh6 Kg8 66. g7 Kf7 67. Kh7 Kf6 68. g8Q Ke5 69. Qf7 Kd4 70. Qe6 Kc3 71. Qd5 Kc2 72. Qd4 Kc1 73. Qe3+ Kb1 74. Kg6 Ka1 75. Kf5 Kb1 76. Ke4 Ka1 77. Kd4 Kb1 78. Kc3 Ka1 79. Qe2 Kb1 80. Qb2# 1-0

[Event "Titled Tuesday intern op 15 Mar Late"]
[Site "Chess.com INT"]
[Date "2022.03.15"]
[Round "1"]
[White "Albuquerque, Wellington S Jr"]
[Black "Domingo Nunez, Alejandro"]
[Result "0-1"]
[WhiteElo "2209"]
[BlackElo "2311"]
[PlyCount "100"]
[EventDate "2022.03.15"]
[EventType "swiss (blitz)"]
[EventRounds "11"]
[EventCountry "USA"]
[SourceTitle "CBM 207 Extra"]
[Source "ChessBase"]
[SourceDate "2022.05.31"]
[SourceVersion "1"]
[SourceVersionDate "2022.05.31"]
[SourceQuality "1"]

1. c4 g6 2. g3 Bg7 3. Bg2 d6 4. Nc3 c5 5. e4 Nc6 6. d3 h5 7. h4 Bg4 8. f3 Bd7 9. Nge2 a6 10. Be3 Rb8 11. d4 cxd4 12. Nxd4 Nf6 13. 0-0 0-0 14. Rc1 Qa5 15. Nb3 Qd8 16. c5 Be6 17. cxd6 exd6 18. Nd4 Bc4 19. Rf2 Ne5 20. Rd2 Ne8 21. b3 Be6 22. Na4 b5 23. Nc3 Rc8 24. Nce2 Rxc1 25. Qxc1 Qa5 26. Nf4 Bd7 27. Nd5 Nf6 28. Nxf6+ Bxf6 29. Rc2 Nd3 30. Qd1 Ne5 31. Qd2 Qd8 32. Bf2 Re8 33. Ne2 Be6 34. Nf4 Bc8 35. Nd5 Bg7 36. Be3 Bb7 37. Bg5 f6 38. Be3 Kh7 39. Kf2 Rf8 40. Kg1 f5 41. exf5 Rxf5 42. Nf4 Bxf3 43. Qc1 Bxg2 44. Kxg2 Qa8+ 45. Kh2 Qf3 46. Rf2 Ng4+ 47. Kh3 Nxf2+ 48. Bxf2 Qxf2 49. Ne6 Qf1+ 50. Qxf1 Rxf1 0-1

[Event "Titled Tuesday intern op 15 Mar Late"]
[Site "Chess.com INT"]
[Date "2022.03.15"]
[Round "2"]
[White "Albuquerque, Wellington S Jr"]
[Black "Selbes, Tarik"]
[Result "1-0"]
[WhiteElo "2209"]
[BlackElo "2287"]
[PlyCount "99"]
[EventDate "2022.03.15"]
[EventType "swiss (blitz)"]
[EventRounds "11"]
[EventCountry "USA"]
[SourceTitle "CBM 207 Extra"]
[Source "ChessBase"]
[SourceDate "2022.05.31"]
[SourceVersion "1"]
[SourceVersionDate "2022.05.31"]
[SourceQuality "1"]

1. c4 Nf6 2. g3 g6 3. Bg2 Bg7 4. Nc3 0-0 5. e4 d6 6. d3 Nc6 7. Nge2 h6 8. 0-0 e5 9. h3 Be6 10. Be3 Qd7 11. Kh2 Nh5 12. Qd2 f5 13. Bxh6 f4 14. Bxg7 Kxg7 15. Ng1 Nd4 16. Nce2 Nxe2 17. Qxe2 Rh8 18. g4 f3 19. Qxf3 Raf8 20. Qd1 Nf4 21. f3 Rh6 22. Ne2 Qf7 23. Qd2 Nxe2 24. Qxe2 Qf4+ 25. Kg1 Rfh8 26. Rae1 Rxh3 27. Bxh3 Rxh3 28. Rf2 Rg3+ 29. Rg2 Rxf3 30. Rf1 Bxg4 31. Rff2 Rxf2 32. Qxf2 Qc1+ 33. Kh2 Qh6+ 34. Kg1 Bh3 35. Rg3 Qc1+ 36. Kh2 Be6 37. Qg2 Qh6+ 38. Kg1 Bf7 39. Rh3 Qc1+ 40. Kh2 Qd1 41. b3 Qc1 42. Qf2 Qg5 43. Qh4 Qd2+ 44. Kg1 Qd1+ 45. Kh2 Qd2+ 46. Kg1 Qd1+ 47. Kh2 Qe2+ 48. Kg1 Be6 49. Qh8+ Kf7 50. Rh7# 1-0

[Event "Titled Tuesday intern op 15 Mar Late"]
[Site "Chess.com INT"]
[Date "2022.03.15"]
[Round "7"]
[White "Hess, Max"]
[Black "Albuquerque, Wellington S Jr"]
[Result "0-1"]
[WhiteElo "2392"]
[BlackElo "2209"]
[PlyCount "48"]
[EventDate "2022.03.15"]
[EventType "swiss (blitz)"]
[EventRounds "11"]
[EventCountry "USA"]
[SourceTitle "CBM 207 Extra"]
[Source "ChessBase"]
[SourceDate "2022.05.31"]
[SourceVersion "1"]
[SourceVersionDate "2022.05.31"]
[SourceQuality "1"]

1. d4 Nf6 2. Nf3 c5 3. g3 g6 4. dxc5 Qa5+ 5. Nfd2 Qxc5 6. Bg2 Bg7 7. Nc3 0-0 8. Nb3 Qc7 9. Bg5 a6 10. Qd2 Qd8 11. h4 Nc6 12. Bxf6 exf6 13. h5 Ne5 14. 0-0-0 d5 15. Nxd5 Be6 16. Qf4 Rc8 17. c3 f5 18. hxg6 hxg6 19. e4 Bxd5 20. Rxd5 Nd3+ 21. Rxd3 Qxd3 22. Rd1 Rxc3+ 23. bxc3 Qxc3+ 24. Kb1 Qb2# 0-1

[Event "Titled Tuesday intern op 15 Mar Late"]
[Site "Chess.com INT"]
[Date "2022.03.15"]
[Round "10"]
[White "Morris Suzuki, Sophie"]
[Black "Albuquerque, Wellington S Jr"]
[Result "1-0"]
[WhiteElo "2067"]
[BlackElo "2209"]
[PlyCount "67"]
[EventDate "2022.03.15"]
[EventType "swiss (blitz)"]
[EventRounds "11"]
[EventCountry "USA"]
[SourceTitle "CBM 207 Extra"]
[Source "ChessBase"]
[SourceDate "2022.05.31"]
[SourceVersion "1"]
[SourceVersionDate "2022.05.31"]
[SourceQuality "1"]

1. d4 Nf6 2. c4 c5 3. d5 b5 4. cxb5 a6 5. b6 Qxb6 6. Nc3 d6 7. e4 g6 8. Nf3 Bg7 9. Nd2 0-0 10. Be2 Nbd7 11. a4 Ne8 12. a5 Qb8 13. Nc4 Nc7 14. 0-0 Nb5 15. Na4 Nd4 16. Nab6 Ra7 17. Bd3 Ne5 18. Nxe5 Bxe5 19. Bh6 Bg7 20. Bxg7 Kxg7 21. f4 Bd7 22. Rb1 Bb5 23. b4 Rc7 24. bxc5 dxc5 25. e5 Rd8 26. Rf2 Qb7 27. f5 Bxd3 28. f6+ exf6 29. exf6+ Kh8 30. Qxd3 Nb5 31. Qh3 Nd6 32. Qh6 Rg8 33. Rf3 g5 34. Rh3 1-0

[Event "Titled Tuesday intern op 15 Mar Late"]
[Site "Chess.com INT"]
[Date "2022.03.15"]
[Round "4"]
[White "Vusatiuk, Vladimir"]
[Black "Albuquerque, Wellington S Jr"]
[Result "0-1"]
[WhiteElo "2308"]
[BlackElo "2209"]
[PlyCount "104"]
[EventDate "2022.03.15"]
[EventType "swiss (blitz)"]
[EventRounds "11"]
[EventCountry "USA"]
[SourceTitle "CBM 207 Extra"]
[Source "ChessBase"]
[SourceDate "2022.05.31"]
[SourceVersion "1"]
[SourceVersionDate "2022.05.31"]
[SourceQuality "1"]

1. e4 c5 2. Nf3 d6 3. c3 Nf6 4. h3 Nbd7 5. Bd3 g6 6. 0-0 Bg7 7. Bc2 0-0 8. d4 e5 9. dxe5 dxe5 10. c4 Re8 11. Nc3 h6 12. Nd5 Nb6 13. b3 Be6 14. Be3 Nfd7 15. Qd2 Kh7 16. Rad1 Rc8 17. Qa5 a6 18. Bd2 Bxd5 19. cxd5 c4 20. b4 c3 21. Bc1 Nc4 22. Qxd8 Rexd8 23. Ne1 Nd6 24. f3 b5 25. Nd3 f6 26. Kh2 g5 27. g3 Rc4 28. a3 Rdc8 29. Rde1 Kg8 30. f4 Rxe4 31. Rxe4 Nxe4 32. Nxe5 fxe5 33. Bxe4 Rf8 34. Rf3 exf4 35. gxf4 gxf4 36. Bxf4 Rxf4 37. Rxf4 Be5 38. Kg3 Nf6 39. Bc2 Kf8 40. Kf3 Bxf4 41. Kxf4 Nxd5+ 42. Ke5 Ne3 43. Bg6 c2 44. Bxc2 Nxc2 45. Kd5 Nxa3 46. Kc5 Nc2 47. h4 h5 48. Kb6 Nxb4 49. Ka5 Nc6+ 50. Kxa6 b4 51. Kb5 b3 52. Kc4 b2 0-1

[Event "Titled Tuesday intern op 28th Sept"]
[Site "Chess.com INT"]
[Date "2021.09.28"]
[Round "8"]
[White "Albuquerque, Wellington S Jr"]
[Black "Cramling Bellon, Anna"]
[Result "0-1"]
[WhiteElo "2209"]
[BlackElo "2035"]
[PlyCount "180"]
[EventDate "2021.09.28"]
[EventType "swiss (blitz)"]
[EventRounds "11"]
[EventCountry "USA"]
[SourceTitle "CBM 204 Extra"]
[Source "ChessBase"]
[SourceDate "2021.11.30"]
[SourceVersion "1"]
[SourceVersionDate "2021.11.30"]
[SourceQuality "1"]

1. c4 c5 2. g3 Nc6 3. Bg2 g6 4. Nc3 Bg7 5. e4 d6 6. d3 e5 7. Nge2 Nge7 8. 0-0 0-0 9. Nd5 Be6 10. f4 f5 11. Rb1 Rb8 12. Be3 Nd4 13. Nxd4 cxd4 14. Bd2 fxe4 15. dxe4 Nc6 16. b4 b5 17. cxb5 Bxd5 18. exd5 Ne7 19. a4 Qb6 20. Kh1 Rbc8 21. Rc1 Nf5 22. Rc6 Rxc6 23. dxc6 Rd8 24. Bd5+ Kh8 25. Qe2 Ne7 26. a5 Qc7 27. Qc4 e4 28. Qb3 e3 29. Be1 Nf5 30. Qc4 e2 31. Qxe2 Ne3 32. Qf3 Nxf1 33. Qxf1 Qe7 34. Qc4 Qxe1+ 35. Kg2 Qd2+ 36. Kh3 Qe3 37. b6 Qe7 38. Kg2 Re8 39. b7 Qc7 40. b5 d3 41. Qxd3 Rf8 42. Qc4 Re8 43. b6 axb6 44. a6 b5 45. Qxb5 Qe7 46. a7 Qe1 47. Qe2 Rxe2+ 48. Kh3 Qf1+ 49. Bg2 Qxg2+ 50. Kg4 h5+ 51. Kg5 Kh7 52. f5 Bh6+ 53. Kf6 Qe4 54. fxg6+ Kg8 55. g7 Bxg7+ 56. Kg5 Qe5+ 57. Kh4 Qf6+ 58. Kh3 Qf1+ 59. Kh4 Bf6+ 60. Kxh5 Qh3+ 61. Kg6 Be7 62. b8Q+ Bf8 63. Qxf8+ Kxf8 64. a8Q+ Re8 65. Qxe8+ Kxe8 66. Kf6 Qc8 67. c7 Qxc7 68. g4 Qf7+ 69. Kg5 d5 70. h4 d4 71. h5 d3 72. Kh6 Qf6+ 73. Kh7 Qg5 74. h6 Qxg4 75. Kh8 Qh5 76. h7 Qxh7+ 77. Kxh7 d2 78. Kg6 d1Q 79. Kf5 Ke7 80. Ke4 Qd6 81. Ke3 Ke6 82. Ke4 Qd5+ 83. Ke3 Ke5 84. Ke2 Qd4 85. Kf3 Qe4+ 86. Kg3 Kf5 87. Kf2 Kf4 88. Kf1 Qc2 89. Ke1 Ke3 90. Kf1 Qf2# 0-1